000 00779nam a22002057a 4500
999 _c8814
_d8814
003 AR-CdUCM
008 190326b ||||| |||| 00| 0 spa d
040 _aMUNICIPALIDAD PROVINCIAL DEL CUSCO
_cBIBLIOTECA MUNICIPAL DEL CUSCO
082 _a869.56 /
_bT27
100 _aTello Palomino, Luis Moisés.
_910318
245 _aLa metáfora ésta de más /
260 _aCusco :
_bImpresiones Bruño
_c 2001.
300 _a280 paginas ;
_bIlustraciones,
_c21 cm.
505 _aContenido : La metáfora esta de mas -- El insoportable pesimismo de Vallejo -- Elogio del ego -- Nuestra "intelligentsia" --Del Donoso y grande escrutinio...
650 _aProsas poéticas peruanas
_92094
650 _aSiglo XXI
_92856
650 _aEnsayos
_9375
942 _2ddc
_cLIBROS
945 _awnts